The sacred pipe; (Record no. 6917)
[ view plain ]
| 000 -LEADER | |
|---|---|
| fixed length control field | 01311cam a2200241 4500 |
| 001 - CONTROL NUMBER | |
| control field | 8035 |
| 005 - DATE AND TIME OF LATEST TRANSACTION | |
| control field | 20181127184932.0 |
| 008 - FIXED-LENGTH DATA ELEMENTS--GENERAL INFORMATION | |
| fixed length control field | 740109s1953 okuc 000 0 eng |
| 010 ## - LIBRARY OF CONGRESS CONTROL NUMBER | |
| LC control number | 53008810 |
| 082 ## - DEWEY DECIMAL CLASSIFICATION NUMBER | |
| Classification number | 970.62 |
| -- | 970.1* |
| -- | [299.7] |
| 100 0# - MAIN ENTRY--PERSONAL NAME | |
| Personal name | Black Elk, |
| Dates associated with a name | 1863-1950 |
| 245 14 - TITLE STATEMENT | |
| Title | The sacred pipe; |
| Remainder of title | Black Elk's account of the seven rites of the Oglala Sioux. |
| Statement of responsibility, etc. | Recorded and edited by Joseph Epes Brown. |
| 250 ## - EDITION STATEMENT | |
| Edition statement | [1st ed.] |
| 260 ## - PUBLICATION, DISTRIBUTION, ETC. | |
| Place of publication, distribution, etc. | Norman, |
| Name of publisher, distributor, etc. | University of Oklahoma Press |
| Date of publication, distribution, etc. | [1953] |
| 300 ## - PHYSICAL DESCRIPTION | |
| Extent | xx, 144 p. |
| Other physical details | ports. |
| Dimensions | 24 cm. |
| 490 1# - SERIES STATEMENT | |
| Series statement | The Civilization of the American Indian [v. 36] |
| 505 ## - FORMATTED CONTENTS NOTE | |
| Formatted contents note | CONTENTS: Preface -- Foreword Black Elk -- The gift of the sacred pipe -- The keeping of the soul -- The releasing of the soul -- Inipi: the rite of purification -- Hanblecheyapi: crying for a vision -- Wiwanyag wachipi: the sun dance -- Hunkapi: the making of relatives -- Ishna ta awi cha lowan: preparing a girl for womanhood -- Tapa wanka yap: the throwing of the ball -- Index |
| Miscellaneous information | |
| Statement of responsibility | |
| Title | |
| 520 ## - SUMMARY, ETC. | |
| Summary, etc. | "An account of how the Oglala Sioux have come to know God, nature, and their fellow men." |
| 650 #0 - SUBJECT ADDED ENTRY--TOPICAL TERM | |
| Topical term or geographic name entry element | Oglala Indians |
| General subdivision | Rites and ceremonies. |
| 700 1# - ADDED ENTRY--PERSONAL NAME | |
| Personal name | Brown, Joseph Epes, |
| Relator term | ed. |
| 830 #0 - SERIES ADDED ENTRY--UNIFORM TITLE | |
| Uniform title | Civilization of the American Indian series ; |
| Volume/sequential designation | [v. 36] |
| Withdrawn status | Lost status | Source of classification or shelving scheme | Damaged status | Not for loan | Collection code | Home library | Current library | Shelving location | Date acquired | Serial Enumeration / chronology | Inventory number | Total Checkouts | Full call number | Barcode | Date last seen | Price effective from | Koha item type |
|---|---|---|---|---|---|---|---|---|---|---|---|---|---|---|---|---|---|
| Dewey Decimal Classification | Main TEST | RTC Library | RTC Library | Main opac | 12/01/2022 | 12123 | 306 BRO | 30012290 | 11/09/2023 | 27/11/2018 | Main |